[Event "Baden-Baden Grenke op 1st"]
[Site "Baden-Baden"]
[Date "2013.02.10"]
[Round "4"]
[White "Iordachescu, Viorel"]
[Black "Tereick, Benjamin"]
[Result "1/2-1/2"]
[WhiteElo "2610"]
[BlackElo "2382"]
[PlyCount "77"]
[EventDate "2013.02.07"]
[EventType "swiss"]
[EventRounds "9"]
[EventCountry "GER"]
[SourceTitle "CBM 152 Extra"]
[Source "ChessBase"]
[SourceDate "2013.02.25"]
[SourceVersion "1"]
[SourceVersionDate "2013.02.25"]
[SourceQuality "1"]

1. c4 e6 2. Nc3 b6 3. d4 Bb4 4. e3 Bxc3+ 5. bxc3 Bb7 6. a4 Nf6 7. f3 Nh5 8. Nh3 0-0 9. Bd3 Qh4+ 10. Nf2 f5 11. Ra2 Nc6 12. 0-0 d6 13. e4 Nf4 14. Bxf4 Qxf4 15. exf5 exf5 16. Re2 Na5 17. Rfe1 c5 18. Re7 cxd4 19. cxd4 d5 20. cxd5 Bxd5 21. Bb5 a6 22. Bd7 Rad8 23. Qe2 Qd6 24. Qe5 Qxe5 25. dxe5 Nc6 26. Be6+ Bxe6 27. Rxe6 Rc8 28. Nh3 Rfe8 29. Rxe8+ Rxe8 30. f4 h6 31. Nf2 g5 32. g3 gxf4 33. gxf4 Rd8 34. Rc1 Nd4 35. Kf1 Kf7 36. Nd3 Ke6 37. Rc7 Kd5 38. Nb4+ Ke4 39. Rc4 1/2-1/2